Birinci dünya savaşı ve milli mücadele'de Erzurum: (Record no. 13552)

MARC details
000 -BAŞLIK
Sabit Uzunlukta Kontrol Alanı 01172nam a22002897a 4500
999 ## - SİSTEM KONTROL NUMARALARI (KOHA)
Koha Biblionumber 13552
Koha Biblioitemnumber 13552
003 - KONTROL NUMARASI IDENTIFIER
Denetim Alanı MIRAKIL
005 - SON İŞLEM TARİHİ VE ZAMANI
Denetim Alanı 20191022122718.0
008 - SABİT-BOY VERİ ELEMANLARI - GENEL BİLGİLER
Sabit Uzunlukta Kontrol Alanı 191022b tu ||||| |||| 00| 0 tur d
020 ## - ULUSLARARASI STANDART KİTAP NUMARASI
Uluslararası Standart Kitap Numarası 9786058448261
040 ## - KATALOGLAMA KAYNAK
Orijinal Kataloglama Ajansı TR-AnCHP
Metne Dönüştürmek Ajansı TR-AnCHP
041 ## - DİL KODU
Metin / Ses Parça Veya Ayrı Başlığın Dil Kodu tur
082 ## - DEWEY ONLU SINIFLANDIRMA NUMARASI
Sınıflandırma Numarası 956.101543056631
Ürün Numarası B56 2019
245 10 - BAŞLIK TABLOSU
Başlık Birinci dünya savaşı ve milli mücadele'de Erzurum:
Başlığın Kalan Seçilmiş makale ve bildiriler/
Sorumluluk Tablosu, Vb editörler Yavuz Aslan, Tolga Başak.
246 ## - UNVAN FORM VARYING
Başlık Doğru / Kısa Başlığı Seçilmiş makale ve bildiriler
260 ## - YAYIN, DAĞITIM, VB
Yayın, Dağıtım, Vb Yeri Erzurum:
Yayıncı, Dağıtıcı, Vs Adı ER-VAK Kültür yayınları,
Yayın, Dağıtım, Vb Tarihi 2019.
300 ## - FİZİKSEL TANIM
Kapsam c <2>:
Diğer Fiziksel Ayrıntıları tbl.; fotg.,
Boyutlar 24 sm.
490 0# - SERİSİ TABLOSU
Seri Beyanı ER-VAK Kültür yayınları;
Hacim / Ardışık Tanımı No:18
504 ## - KAYNAKÇA VB NOT
Kaynakça Vb Notu Kaynakça bölüm sonlarındadır.
650 #0 - KONU KATMA GİRİŞ - TOPİKAL DÖNEM
9 (RLIN) 5657
Topikal Süreli Veya Coğrafi Ad Giriş Elemanı Birinci Dünya savaşı
Genel Alt Bölümü Tarih
-- Makale ve Bildiriler
Coğrafi Alt Bölümü Türkiye
650 #0 - KONU KATMA GİRİŞ - TOPİKAL DÖNEM
9 (RLIN) 6033
Topikal Süreli Veya Coğrafi Ad Giriş Elemanı Milli mücadele
Genel Alt Bölümü Tarih
-- Makale ve Bildiriler
Coğrafi Alt Bölümü Türkiye
651 #0 - KONU KATMA GİRİŞ - COĞRAFİ ADI
9 (RLIN) 5878
Coğrafi İsim Erzurum (Türkiye)
Genel Alt Bölümü Makale ve Bildiriler
Kronolojik Alt Bölümü Birinci Dünya Savaşı
651 #0 - KONU KATMA GİRİŞ - COĞRAFİ ADI
9 (RLIN) 5878
Coğrafi İsim Erzurum (Türkiye)
Genel Alt Bölümü Makale ve Bildiriler
Kronolojik Alt Bölümü Milli mücadele
700 ## - KATMA GİRİŞ - KİŞİSEL İSİM
9 (RLIN) 6034
Kişisel Ad Aslan, Yavuz
Relator Terim ed.
700 ## - KATMA GİRİŞ - KİŞİSEL İSİM
9 (RLIN) 6035
Kişisel Ad Başak, Tolga
Relator Terim ed.
740 ## - KATMA GİRİŞ - KONTROLSUZ İLGİLİ / ANALİTİK BAŞLIK
Kontrol Edilmeyen / İlgili Analitik Başlıktaki Seçilmiş makale ve bildiriler
942 ## - EKLENDİ GİRİŞ ELEMANLARI (KOHA)
Sınıflandırma Veya Raf Düzeni Kaynak Dewey Decimal Classification
Koha Öğesi Türü Books
Holdings
Kalıcı Konum Mevcut Konum Edinme Tarihi Seri Numaralandırma / Kronolojik Toplam Check-Out'Lar Tam Çağrı Numarası Barkod Tarih Son Görülme İtibaren Geçerli Fiyatlar Koha Öğesi Türü
CHP Kütüphanesi CHP Kütüphanesi 10/22/2019 c.1   956.101543056631 B56 2019 011819 10/22/2019 10/22/2019 Books
CHP Kütüphanesi CHP Kütüphanesi 10/22/2019 c.2   956.101543056631 B56 2019 011820 10/22/2019 10/22/2019 Books